Quizzes
Events
Quiz Creation
Community
Videos
Private Events
Remove Ads
Sign In
Join for FREE
Feedback
Dark Mode
Quiz Categories
Sports
Geography
Music
Movies
Television
Just For Fun
Miscellaneous
History
Literature
Language
Science
Gaming
Entertainment
Religion
Holiday
For Kids
Quiz Lab
Recent
Popular Today
Quiz Kudos Today
Editor Picks
Curator Picks
Quizzes by...
Day
Popularity
Type
Ratings
Length
Year
Community
Subscriptions
Recent Discussions
Orange Saloon
Badges
Playlists
Quests
Create
Leaderboards
Showdown
Live 5
Trivia Bingo
Activity
Puzzle Library
Sporcle Events
Private Events
Virtual Trivia
Globe League
Become a Host
Pub Owners
SporcleCon
Opinionation
Our Games
Videos
Blog
Mobile Apps
Partnerships
Remove Ads and Go Orange
Feedback
Geography
Country
Landmarks
City
State
Population
World
Capital
Continent
Flags
Europe
Africa
Asia
South America
North America
Oceania
Border
Canada
United Kingdom
Topography
United States
Geography
Country
Landmarks
City
State
Population
World
Capital
Continent
Flags
Europe
Africa
Asia
South America
North America
Oceania
Border
Canada
United Kingdom
Topography
United States
Random Quiz
Search Sporcle
×
Quiz Lab
Quiz Lab
Geography
Europe
Type in answers that appear in a list
Type in answers that appear in a list
Classic
Best Score? Go Orange.
Städte und Gemeinden: Landkreis Darmstadt-Dieburg Stats
Kennst du alle Städte und Gemeinden im Landkreis Darmstadt-Dieburg
By
LeKitt
6m
23 Questions
35 Plays
35 Plays
35 Plays
Comments
Comments
Give Quiz Kudos
Give Quiz Kudos
-
- Ratings
hide this ad
Replay
Link that replays current quiz
Next Quiz
Link to next quiz in quiz playlist
You Got
0%
They Got
Avg Score
49%
Avg Friend Score
Upgrade to see
Score Distribution
Jump to the score distribution portion of the page
Score
0/23
Timer
06:00
0
Plays Today
Gebietskörperschaft
Gemeinde
% Correct
Stadt
Dieburg
88.6%
Stadt
Pfungstadt
68.6%
Stadt
Weiterstadt
68.6%
Stadt
Griesheim
65.2%
Gemeinde
Messel
57.1%
Gemeinde
Erzhausen
54.3%
Stadt
Groß-Umstadt
54.3%
Gemeinde
Münster (Hessen)
54.3%
Stadt
Ober-Ramstadt
54.3%
Gemeinde
Mühltal
51.4%
Stadt
Reinheim
51.4%
Gemeinde
Roßdorf
51.4%
Gebietskörperschaft
Gemeinde
% Correct
Gemeinde
Seeheim-Jugenheim
48.6%
Gemeinde
Alsbach-Hähnlein
45.7%
Gemeinde
Groß-Zimmern
45.7%
Stadt
Babenhausen
42.9%
Gemeinde
Eppertshausen
40%
Stadt
Groß-Bieberau
40%
Gemeinde
Schaafheim
40%
Gemeinde
Bickenbach
37.1%
Gemeinde
Fischbachtal
37.1%
Gemeinde
Modautal
37.1%
Gemeinde
Otzberg
25.7%
Quiz Playlist
Details
Report
Send in Message
Add To Playlist
Classic:
Type in answers that appear in a list
Last Updated: Jul 4, 2021
Quiz Scoreboard
CHALLENGE
Sign Up to Join the Scoreboard
Show All
Scores
Hide
Comments
May contain spoilers
Recently Published
Popular People in 1961
by mucciniale
History
6m
1-10 Letter E Words III
by El_Dandy
Language
2m
One Thing in Common: World Cities II
by knightlancer
Geography
7m
More to Explore
Quiz From the Vault
Featured Blog Post
Where Did the Easter Bunny Come From?
hide this ad
You Might Also Like...
Tags
City Quiz
Europe Quiz
German Quiz
district
Germany
hesse
municipal
Municipalitiy
Municipality
Town
Township
Today's Top Quizzes in Geography
Browse Geography
hide this ad
Today's Top Quizzes in Europe
Browse Europe
Top Contributed Quizzes in Geography
1
Countries of the World - No Outlines Minefield
2
Top 25 Cities of France on a map
3
African Flag Reveal XLV
4
Closest Countries to UK A-Z
5
Blind Secret Country CLXXXVIII
6
Find the US States - No Outlines
7
One Thing in Common: Asia
8
One Thing in Common: United Kingdom
9
One Thing in Common: Geography
10
One Thing in Common: Around the World
Explore More
Trending Topics
Anime
Crossword
Disney
Kpop
Marvel
NBA
Harry Potter
Song
Puzzle
Soccer
Country
Pokémon
WWE
NFL
The Office
hide this ad
More By:
LeKitt
Quiz
Plays
Rating
Category
Featured
Created
Städte und Gemeinden: Kreisfreie Städte
535
4.88
Geography
Sep 1, 2019
Deutsche Städte mit einer Berufsfeuerwehr
290
5.00
Geography
Dec 31, 2019
S-Bahn Rhein-Main
137
4.50
Geography
Jan 9, 2020
S-Bahn Hannover
134
Geography
Sep 28, 2019
Städte und Gemeinden: Region Hannover
120
5.00
Geography
Oct 14, 2019
Go to Creator's Profile
Score Distribution
Quiz Creator Spotlight
LeKitt
Follow
Send a Message
Quizzes Created
-
Created Quiz Play Count
-
More By This Creator
Popular Quizzes Today
1
Find the US States - No Outlines Minefield
2
The Countries of the World
3
Find the Countries of Europe - No Outlines Minefield
4
Popular People in 1961
5
1-10 Letter E Words III
6
Find the US States
7
One Thing in Common: World Cities II
8
US States
More Geography Quizzes
African Capitals Alphabet Mine Soup
Published
Trending Quizzes
Risky Map Clicking: Least Populous States A-Z
1-10 Letter F Words
1-10 Letter G Words
One Thing in Common: United Kingdom
Risky Map Clicking: Next State Alphabetically
Recently Updated
Leaping Animals
pecheneg
Reality TV Shows (A-Z)
bhenderson79
Rickey Henderson's Hall of Fame Teammates
pecheneg
Champions League XIs: Arsenal
pecheneg
Quick Pick: Celebrities in WWE's Hall of Fame
aduchscher
A-Z Keypad Blitz II
pecheneg
Multiple Oscar Actors
pecheneg
Mystery Phrase Blitz: Oscar 'Best Actors'
pecheneg
F. Scott Fitzgerald Novels
LTH
Pick 3 Villains
ddd62291
Trending Topics
Disney
Crossword
Kpop
NBA
Harry Potter
Marvel
Anime
WWE
The Office
Country
Puzzle
Pokémon
NFL
Soccer
Song
Your Account Isn't Verified!
In order to create a playlist on Sporcle, you need to verify the email address you used during registration. Go to your
Sporcle Settings
to finish the process.
Report this User
Report this user for behavior that violates our
Community Guidelines
.
Details:
Send Report
Go to the Sporcle.com Mobile Site →
Comments